| 000 | 00595cam a2200133 4500 | ||
|---|---|---|---|
| 001 | WS120453 | ||
| 008 | 021114n 000 0 eng u | ||
| 035 | _a(Sirsi) u120453 | ||
| 245 | _aSave Energy | ||
| 520 | _aWeb site giving details of how to minimise energy costs in the home. Includes a virtual home tour showing where savings can be made, a database of available grants and news stories. | ||
| 690 | _aENVIRONMENTAL AND LAND CONSULTANCY-ENERGY-ENERGY USE-ENERGY EFFICIENCY | ||
| 856 | 4 | 0 |
_uhttps://www.saveenergy.co.uk _zView the website free of charge at www.saveenergy.co.uk... |
| 942 | _n0 | ||
| 999 |
_c120216 _d120216 |
||